000
00236nam a2200097Ia 4500
008
190216s9999||||xx |||||||||||||| ||und||
100
_a
Vartha Vithrana Prekshepana Vagupp
245
0
_a
Baradathile Mahanmar
260
_b
Null
942
_c
BK
999
_c
25176
_d
25176